00404nam a2200109Ia 4500082001900000245006700019100004700086942000700133008004100140999001700181952009600198 a364.30968 PIST 0aCatch me a killer : [serial murders: a profiler's true story]  a PISTORIUS, Micki Sandton, 2000 910683 cBK210817s9999 xx 000 0 und d c69277d69276 00104070aCAROLbCAROLd2021-08-17g110.00l0p33228012475172r2021-08-17w2021-08-17yBK